000
00308nam a2200133Ia 4500
008
191201s2009 xx 000 0 und d
100
_a
ROBBINS,Stephen P
245
0
_a
Organizational Behavior
250
_a
2nd IMP
260
_c
2009
_b
Pearson
_a
N. Delhi
300
_a
782
650
_a
MBA
942
_2
ddc
_c
BB
999
_c
7353
_d
7353